000 00550nam a22001817a 4500
005 20251108172418.0
008 250721s2004 xx 000 0 ara d
082 1 4 _a354.565/شلب
100 1 _aالشلبي، سهيلا
245 1 0 _aدور توفيق أبو الهدى في السياسة الأردنية 1938-1955 /
264 1 _aعمان :
_bاليازوري،
_c2004.
300 _a320ص.
650 1 7 _aالوزارات
650 1 7 _aالسياسة الخارجةي
650 1 7 _aالحكومات
942 _2ddc
_cBK
999 _c78630
_d78630